| 000 | 00710cam a2200181 4500 | ||
|---|---|---|---|
| 001 | WB3837-03 | ||
| 008 | 021010n2002 000 0 eng u | ||
| 035 | _a(Sirsi) u120056 | ||
| 245 | _aNew remedial treatment qualification | ||
| 260 | _c2002 | ||
| 490 |
_aBritish Wood Preserving and Damp-proofing Association News Release _v September 2002, (1) |
||
| 520 | _aInstitute of Wood Preserving and Damp-proofing launched new qualification for remedial treatment surveyors, Assessed Surveyor in Remedial Treatment (ASRT). Details available from +44 (0)1332 225100 or www.bwpda.co.uk | ||
| 590 | _aWB | ||
| 650 | _aWOOD PRESERVATION | ||
| 650 | _aQUALIFICATIONS | ||
| 690 | _aBUILT ENVIRONMENT | ||
| 942 | _n0 | ||
| 999 |
_c71333 _d71333 |
||